Call of duty zombies all wonder weapons - Statistics

General Stats
  • This quiz has been taken 1,193 times
  • The average score is 14 of 23
Answer Stats
Answer % Correct
All Ray Gun
99%
Black Ops Thunder Gun
88%
Origins Fire Staff
87%
Origins Ice Staff
86%
Origins Wind Staff
85%
Origins Lightning Staff
82%
Five Winters Howl
71%
Shi No Numa Wunder Waffe
71%
Mob of the Dead Blundergat
69%
Tranzit Jet Gun
68%
Buried Ray Gun Mark 2
65%
Buried Paralyzer
64%
Black Ops Wave Gun
59%
Call of the Dead Scavenger
56%
Die Rise Sliquifier
56%
Call of the Dead V-R11
52%
Shangri La Baby Gun
49%
Mob of the Dead Hell's Retriever
38%
Black Ops Monkey Bombs
37%
Buried Time Bomb
37%
Moon Gersh Device
21%
Origins G- Strike Bombs
19%
Black Ops Matryoshka Doll
17%
No matching quizzes found
Score Distribution
Percent of People with Each Score
Percentile by Number Answered
Your Score History
You have not taken this quiz